000 00446nam a2200193Ia 4500
005 20240823041259.0
008 240823s9999||||xx |||||||||||||| ||und||
020 _a81-89248-92-04
041 _aENGLISH
082 _A294.555 P8
100 _aVivekananda Kendram
245 0 _aInspirations
250 _a1st
260 _c2008
_bVivekananda Ke
500 _aTRANSFERED
650 _aInspirations
_bGeneral
942 _cBK
999 _c205123
_d205123